00996 a2200169 4500003000500000005001700005010001300022040000900035082001200044100002400056245006400080260003500144300003200179505055300211600002400764650003800788NUST20221215133405.0 a53006115 cNust a324,VLU aVlugt, Ebed Van Der aAsia aflame :bcommunism in the east /cEbed Van Der Vlugt, aDevin-Adair CobNew Yorkc1953 axvi , 294 p.:billusc24 cm aIntroduction The Red Masquerade (Page-3), The Red Legerdemain (Page-17), The Uprooting of Asia (Page-34), The Red Attack on Asia (Page-52), The Ted Campaign in the Middle East (Page-67), The Red Attack on Indo China (Page-81), The Ted Attack on India (Page-102), The Ted Attack on China (Page-113), The Ted Attack on Southeast Asia (Page-128), The Red Attack on Indonesia (Page-160), The Red Attack on Korea (Page-202), The Red Attack on Japan (Page-216), How to Meet the Red Attack in Asia (Page-225), How can we Fight World Communism (Page-241). aVlugt, Ebed Van Der aAsia aflame;communism in the east